000
00237 a2200109 4500
001
63429
082
_a
823 SHE
090
_c
37486
_d
37486
100
_a
Sheldon, S
245
_a
Nothing lasts for ever
_h
English
260
_b
Harper Collins
942
_a
CAE NUST
_k
823 SHE
999
_c
298502
_d
298502